| 000 | 01717cam a22004817a 4500 | ||
|---|---|---|---|
| 001 | 75551 | ||
| 003 | BD-RjUL | ||
| 005 | 20211209082717.0 | ||
| 008 | 190424r20132006enka b 001 0 eng d | ||
| 020 | _a0521849756 (hbk.) | ||
| 020 | _a0521614988 (pbk.) | ||
| 020 | _a9780521849753 | ||
| 020 | _a9780521614986 | ||
| 035 | _a(OCoLC)ocm62344056 | ||
| 040 |
_aNLM _cNLM _dUKM _dBAKER _dBWKUK _dDLC _dBD-RjUL _beng |
||
| 041 | _aeng | ||
| 042 |
_anlmcopyc _alccopycat |
||
| 060 | 0 | 0 | _a2006 E-609 |
| 060 | 1 | 0 |
_aWA 950 _bT974a 2006 |
| 082 | 0 | 4 |
_a610.727 _222 _bTWA 2013 |
| 100 | 1 |
_aTwisk, Jos W. R., _d1962- _9231103 |
|
| 245 | 1 | 0 |
_aApplied multilevel analysis : _ba practical guide / _cJos W.R. Twisk. |
| 260 |
_aCambridge, UK ; _aNew York : _bCambridge University Press, _c2006 [6th printing 2013] |
||
| 300 |
_axii, 184 p. : _bill. ; _c26 cm. |
||
| 504 | _aIncludes bibliographical references (p. 169-177) and index. | ||
| 650 | 0 |
_aMedical statistics. _9231105 |
|
| 650 | 0 |
_aAnalysis of variance. _9231106 |
|
| 650 | 0 |
_aMedicine _xResearch. _9231107 |
|
| 650 | 1 | 2 |
_aStatistics _xmethods. _9231108 |
| 650 | 2 | 2 |
_aBiomedical Research _xmethods. _9231109 |
| 650 | 2 | 2 |
_aModels, Statistical. _9231110 |
| 650 | 2 | 2 |
_aMultivariate Analysis. _9231111 |
| 856 | 4 | 2 |
_3Publisher description _uhttp://www.loc.gov/catdir/enhancements/fy0702/2006299215-d.html |
| 856 | 4 | 1 |
_3Table of contents only _uhttp://www.loc.gov/catdir/enhancements/fy0702/2006299215-t.html |
| 942 |
_2ddc _cBK |
||
| 999 |
_c75551 _d75551 |
||